Gymnastics Skills - Statistics

General Stats
  • This quiz has been taken 3,693 times
  • The average score is 4 of 9
Answer Stats
Hint Answer % Correct
____wheel Cartwheel
84%
cartwheel using feet and legs at the same time roundoff
54%
No handed cartwheel aerial
52%
level 5/6+ mount to uneven bars kip
51%
follows roundoff, goes backwards backhandspring
47%
flying through air in tuck position; backwards back tuck
39%
basic mount to uneven bars pullover
30%
flying through air in tuck position; forwards front tuck
27%
swing over high bar in handstand position giant
21%
No matching quizzes found
Score Distribution
Percent of People with Each Score
Percentile by Number Answered
Your Score History
You have not taken this quiz